| 000 | 00592nam a2200205Ia 4500 | ||
|---|---|---|---|
| 008 | 240729s9999 xx 000 0 und d | ||
| 022 | _a1999-4893 | ||
| 245 | 0 | _aAlgorithms | |
| 260 | _aSwitzerland | ||
| 260 | _bMDPI AG | ||
| 650 | _a Electronic computers. Computer science | ||
| 650 | _a Industrial engineering. Management engineering | Science | ||
| 650 | _a Instruments and machines | ||
| 650 | _a Mathematics | ||
| 650 | _a Technology (General) | ||
| 650 | _aTechnology | ||
| 856 | _uhttps://doaj.org/toc/d6cdb53a437a42599840103ffacbd7c8 | ||
| 942 | _2ddc | ||
| 942 | _cDOAJEJ | ||
| 999 |
_c70391 _d70391 |
||
| 945 |
_a1 _bMadushi Gamage _c1 _dMadushi Gamage |
||